| 000 | 00768cab a2200253 4500 | ||
|---|---|---|---|
| 001 | WB3212-11 | ||
| 008 | 090401t1996 xxu||||| |||| 00| 0 eng d | ||
| 035 | _a(Sirsi) u56560 | ||
| 041 | _aeng | ||
| 245 | _aSuperstore space race | ||
| 260 | _c1996 | ||
| 350 | _a0 | ||
| 490 |
_aFinancial Times _v`Weekend Money` 16 & 17 March 1996, 6(1) |
||
| 520 | _aThe fight for edge-of-town sites for superstores pushed land prices way up, now retailers have had to cut their property valuations. | ||
| 650 | _aCOMPANY ACCOUNTS | ||
| 650 | _aDEPRECIATION | ||
| 650 | _aLAND PRICES | ||
| 650 | _aLAND SPACE | ||
| 650 | _aPROPERTY VALUATIONS | ||
| 650 | _aSUPERSTORES | ||
| 690 | _aPROPERTY-COMMERCIAL PROPERTY-RETAIL PROPERTY | ||
| 942 | _n0 | ||
| 948 | _c04/03/1997 | ||
| 999 |
_c34503 _d34503 |
||